000 05435nam a2200421 a 4500
003 CHAP
005 20240530111452.0
007 ta
008 230705s2021 mx ado|fsm|j||001 0 spa d
040 _erda
041 _aspa
_beng
100 1 _9136106
_aCorona Pérez, Alejandra Cristina
240 1 0 _aOzonation for microbiological stability, physicochemical and nutraceutical quality of Agave salmiana mead.
_lEspañol
245 1 0 _aOzonización para la estabilidad microbiológica, calidad fisicoquímica y nutracéutica de aguamiel de Agave salmiana /
_cAlejandra Cristina Corona Pérez
264 _aChapingo, México :
_bEl autor,
_c2021
300 _a1 recurso en línea (xvi, 97 páginas) :
_bilustraciones, gráficas, diaagramas, tablas, fotos
336 _2rdacontent
_atexto
_btxt
337 _2rdamedia
_acomputadora
_bc
338 _2rdacarrier
_arecurso en línea
_bcr
502 _aTesis
_bMCTA
_cAgroindustrias
_d2021
504 _aIncluye bibliografías
520 3 _aLa savia de A. salmiana (aguamiel) cuenta con atributos nutricionales, nutracéuticos y alto contenido de carbohidratos, que permiten el desarrollo de un consorcio de microorganismos y hace esta bebida altamente perecedera. El uso de tecnologías emergentes ha mostrado la disminución de microorganismos y preservación de compuestos bioactivos. El objetivo de este estudio fue evaluar el efecto de la aplicación de ozono sobre la estabilidad microbiológica, fisicoquímica y nutracéutica de aguamiel. Mediante un modelo de regresión lineal se comparó el uso de placas 3M-PETRIFILM® contra el método convencional. Ello, para validar su equivalencia y elegir el mejor método en el recuento de microorganismos en aguamiel. Se evaluó el efecto de 0 (testigo), 3, 6, 9 y 12 min de aplicación de ozono en muestras de aguamiel y almacenado durante 12 h a temperatura ambiente. Posteriormente, se evaluó el efecto de los mejores tratamientos de ozono y se les aplicó una reozonización a las 48 h de tiempo de almacenamiento, hasta acumular 72 h en almacenamiento. Se usó un modelo mixto con diseño en bloques completos aleatorios y el método de Tukey-Kramer (α=0.05). Se aplicó el método convencional, dado que las placas 3M-PETRIFILM® sobreestimaron el conteo de microorganismos en aguamiel. El efecto de 12 min permitió mayor reducción de la población total de microorganismos (PTM) durante 12 h (7.26 a 6.85 log10mL-1). En la vida de anaquel, el ozono conservó una baja PTM (6.35 log10mL-1) y actividad antioxidante (AA) con respecto al testigo. A mayor tiempo de almacenamiento, el pH, los SST, la concentración de compuestos fenólicos solubles totales (CF) y AA, disminuyeron. La reozonización redujo la AA del aguamiel. La aplicación del ozono logró mantener una baja PTM con respecto al testigo durante 48 h, sin embargo, no conservó las propiedades fisicoquímicas y nutracéuticas del aguamiel.
520 3 _aThe sap of A. salmiana (mead) has nutritional attributes, nutraceutical and high carbohydrate content, which allow the development of a consortium of microorganisms and make this beverage highly perishable. The use of emerging technologies has shown the reduction of microorganisms and preservation of bioactive compounds. The objective of this study was to evaluate the effect of ozone application on the microbiological, physicochemical and nutraceutical stability of mead. A linear regression model was used to compare the use of 3M-PETRIFILM® plates versus the conventional method; mainly to validate the methods equivalence and to choose the best one for microorganism counting in mead. Then, the effect of 0 (control), 3, 6, 9 and 12 min of ozone application on mead samples was evaluated after 12 h of storage at room temperature. Subsequently, the effect of the best ozone treatments was chosen and a reozonization was applied after 48 h of storage, then the mead was storage to complete 72 h. A mixed model with a randomized complete block design and the Tukey-Kramer method (α=0.05) were used. The conventional method was selected because the 3M-PETRIFILM® plates overestimated the count of microorganisms in the mead. The 12 min treatment had the maximum reduction of the total population of microorganisms (MTP) during 12 h (7.26 to 6.85 log10mL-1). The mead with the ozone treatment retained a low MTP (6.35 log10mL-1) and antioxidant activity (AA) compared to the control during the shelf life. An increment of the storage time of the mead decreased the pH, TSS, the concentration of total soluble phenolic compounds (CF) and AA. The application of ozone keeps a low MTP with respect to the control for 48 h; however, the physicochemical and nutraceutical properties of the mead were lost.
650 1 3 _91106
_aAgave salmiana
650 1 3 _9187529
_aOzonización
650 1 3 _9160470
_aCalidad microbiológica
650 1 3 _9139393
_aPropiedades fisicoquímicas
650 1 3 _9137923
_aValor nutritivo
650 1 3 _9187530
_aOzonation
650 1 3 _9160472
_aMicrobiological quality
650 1 3 _9147535
_aPhysicochemical properties
650 1 3 _9147443
_aNutritive value
700 1 _9148339
_aCorrales García, José Joel Enrique
_edirector
700 1 _9163649
_aYbarra Moncada, Ma. Carmen
700 1 _954513
_aHernández Ramos, Lyzbeth
_easesora
856 4 0 _uhttp://10.13.5.2/tesis/tm/1912736-8_ALEJANDRA_CRISTINA_CORONA_PEREZ.pdf
_zDESCARGAR PDF
942 _cTD
999 _c219003
_d219003